000 00614nam a2200169 i 4500
001 85451
003 ES-MaACL
005 20230906175239.0
007 t|
008 041129s1971 sp ||||1| spa d
100 0 _aJuan Manuel, Don (
_d1282-1348)
_9174238
245 1 3 _aEl Conde Lucanor o Libro de los Enxiemplos del Conde Lucanor et de Patronio /
_cDon Juan Manuel, Infante de Castilla ; edición, introducción y notas de José Manuel Blecua.
260 _aMadrid :
_bCastalia,
_c[1971]
300 _a327 p., 5 lám. ;
_c18 cm.
700 0 _aBlecua, José Manuel.
_929459
852 _aES-MaACL
_jE-8056
_bR.92578
999 _c85451
_d85451